Comparative vertebrate endocrinology / (Record no. 15951)

000 -LEADER
fixed length control field 00647pam a2200229 a 4500
020 ## - INTERNATIONAL STANDARD BOOK NUMBER
ISBN 0521246539
020 ## - INTERNATIONAL STANDARD BOOK NUMBER
ISBN 0521288789 (pbk.)
040 ## - CATALOGING SOURCE
Transcribing agency DLC
082 00 - DEWEY DECIMAL CLASSIFICATION NUMBER
Classification number 596 CAM 1982 A081 Or.
100 1# - MAIN ENTRY--AUTHOR NAME
Personal name Bentley, P. J.
245 10 - TITLE STATEMENT
Title Comparative vertebrate endocrinology /
250 ## - EDITION STATEMENT
Edition statement 2nd ed.
260 ## - PUBLICATION, DISTRIBUTION, ETC. (IMPRINT)
Place of publication Cambridge [Cambridgeshire] ;
-- New York :
Name of publisher Cambridge University Press,
Year of publication 1982.
300 ## - PHYSICAL DESCRIPTION
Number of Pages xv, 485 p. :
Other physical details ill. ;
Dimensions 24 cm.
500 ## - GENERAL NOTE
General note Includes index.
650 #0 - SUBJECT ADDED ENTRY--TOPICAL TERM
Topical Term Vertebrates
650 #0 - SUBJECT ADDED ENTRY--TOPICAL TERM
Topical Term Endocrinology, Comparative.
650 #2 - SUBJECT ADDED ENTRY--TOPICAL TERM
Topical Term Endocrine glands
650 #2 - SUBJECT ADDED ENTRY--TOPICAL TERM
Topical Term Physiology, Comparative.
650 #2 - SUBJECT ADDED ENTRY--TOPICAL TERM
Topical Term Vertebrates
942 ## - ADDED ENTRY ELEMENTS (KOHA)
Koha item type សៀវភៅភាសាអង់គ្លេស
952 ## - LOCATION AND ITEM INFORMATION (KOHA)
Withdrawn status [LOCAL, KOHA] 0
Holdings
Permanent Location Date acquired Koha item type Lost status Shelving location Barcode Current Location Full call number
Library Block A2017-12-19សៀវភៅភាសាអង់គ្លេស A081A12753Library Block A596 CAM 1982 A081 Or.
មជ្ឈមណ្ឌលឯការនៃសាកលវិទ្យាល័យភូមិន្ទកសិកម្មចំការដូង

Powered by Koha